000 00945nam a2200289 i 4500
003 EG-GICUC
005 20260512130617.0
008 260512s1903 fr ||||fr|||| 00| 0 fre d
040 _aEG-GiCUC
_bfre
_cEG-GiCUC
_dEG-GiCUC
_eRda
041 _afre
_hger
082 0 4 _221
_a345.043
_bLA . D
092 0 4 _221
099 _aLaw1 07 345.043 LA . D 1903
100 1 _aLaband,Paul
_eAuteur
245 _aLe Droit Public De L'Empire Allemand.
_nTome V:
_pLa Force Armée De L'Empire Allemand/
_cPaul Laband.
264 1 _aParis:
_bV. Giard & E. Brière,
_c1903.
300 _a588 page ;
_c 24 cm.
336 _2rda contenu
_a texte
337 _2rda medias
_aOrdinateur
338 _2 transporteur rda
_a Ressource en ligne
546 _aTexte en français
650 1 _aDroit Administratif
700 1 _aBouyssy,Savinien
_eÉditeur
856 4 0 _uhttps://fll.law.cu.edu.eg/fulltext/bks/B07-06339.pdf
905 _a59
942 _2ddc
_n0
_cBK
_e21
999 _c76658
_d76658